<?xml version="1.0" encoding="UTF-8"?>
<record
    xmlns:xsi="http://www.w3.org/2001/XMLSchema-instance"
    xsi:schemaLocation="http://www.loc.gov/MARC21/slim http://www.loc.gov/standards/marcxml/schema/MARC21slim.xsd"
    xmlns="http://www.loc.gov/MARC21/slim">

  <leader>01154nam a2200277Ia 4500</leader>
  <controlfield tag="003">OSt</controlfield>
  <controlfield tag="005">20230614113248.0</controlfield>
  <controlfield tag="008">210210b2016   xxu||||| |||| 00| 0 eng d</controlfield>
  <datafield tag="040" ind1=" " ind2=" ">
    <subfield code="c">AL</subfield>
  </datafield>
  <datafield tag="041" ind1=" " ind2=" ">
    <subfield code="a">kan</subfield>
  </datafield>
  <datafield tag="082" ind1=" " ind2=" ">
    <subfield code="a">954.8711K VIVM</subfield>
    <subfield code="2">23</subfield>
  </datafield>
  <datafield tag="100" ind1=" " ind2=" ">
    <subfield code="a">Viveka Rai B A: &#xCB5;&#xCBF;&#xCB5;&#xCC7;&#xC95; &#xCB0;&#xCC8;  &#xCAC;&#xCBF; &#xC8E; Ed</subfield>
    <subfield code="9">123850</subfield>
  </datafield>
  <datafield tag="245" ind1=" " ind2=" ">
    <subfield code="a">Mangaluru darshana samputa 3: &#xCAE;&#xC82;&#xC97;&#xCB3;&#xCC2;&#xCB0;&#xCC1; &#xCA6;&#xCB0;&#xCCD;&#xCB6;&#xCA8; &#xCB8;&#xC82;&#xCAA;&#xCC1;&#xC9F; &#xCE9;</subfield>
  </datafield>
  <datafield tag="260" ind1=" " ind2=" ">
    <subfield code="a">Mangaluru</subfield>
    <subfield code="b">Mangaluru Nagarabhivraddhi Pradhikara</subfield>
    <subfield code="c">2016</subfield>
  </datafield>
  <datafield tag="300" ind1=" " ind2=" ">
    <subfield code="a">xiii,812p.</subfield>
    <subfield code="b">HB</subfield>
    <subfield code="c">25x18cm.</subfield>
  </datafield>
  <datafield tag="365" ind1=" " ind2=" ">
    <subfield code="2">History</subfield>
    <subfield code="b">500.00</subfield>
    <subfield code="c">&#x20B9;</subfield>
    <subfield code="d">500.00</subfield>
  </datafield>
  <datafield tag="440" ind1=" " ind2=" ">
    <subfield code="n">Vol.3</subfield>
    <subfield code="9">123878</subfield>
  </datafield>
  <datafield tag="650" ind1=" " ind2=" ">
    <subfield code="a">Sahitya: &#xCB8;&#xCBE;&#xCB9;&#xCBF;&#xCA4;&#xCCD;&#xCAF; </subfield>
    <subfield code="9">123851</subfield>
  </datafield>
  <datafield tag="650" ind1=" " ind2=" ">
    <subfield code="a">Sahitya Sadhakaru: &#xCB8;&#xCBE;&#xCB9;&#xCBF;&#xCA4;&#xCCD;&#xCAF; &#xCB8;&#xCBE;&#xCA7;&#xC95;&#xCB0;&#xCC1; </subfield>
    <subfield code="9">123852</subfield>
  </datafield>
  <datafield tag="650" ind1=" " ind2=" ">
    <subfield code="a">Mangalurina Sinema Sambandha: &#xCAE;&#xC82;&#xC97;&#xCB3;&#xCC2;&#xCB0;&#xCBF;&#xCA8; &#xCB8;&#xCBF;&#xCA8;&#xCC6;&#xCAE;&#xCBE; &#xCB8;&#xC82;&#xCAC;&#xC82;&#xCA7; </subfield>
    <subfield code="9">123853</subfield>
  </datafield>
  <datafield tag="650" ind1=" " ind2=" ">
    <subfield code="a">Mangalurina Kridaloka; &#xCAE;&#xC82;&#xC97;&#xCB3;&#xCC2;&#xCB0;&#xCBF;&#xCA8; &#xC95;&#xCCD;&#xCB0;&#xCC0;&#xCA1;&#xCBE;&#xCB2;&#xCCB;&#xC95; </subfield>
    <subfield code="9">123856</subfield>
  </datafield>
  <datafield tag="650" ind1=" " ind2=" ">
    <subfield code="a">Byari Samaja: &#xCAC;&#xCCD;&#xCAF;&#xCBE;&#xCB0;&#xCBF; &#xCB8;&#xCAE;&#xCBE;&#xC9C; </subfield>
    <subfield code="9">123877</subfield>
  </datafield>
  <datafield tag="700" ind1=" " ind2=" ">
    <subfield code="a">RAI (Viveka B A):  &#xCB0;&#xCC8; (&#xCB5;&#xCBF;&#xCB5;&#xCC7;&#xC95; &#xCAC;&#xCBF; &#xC8E;) Ed</subfield>
    <subfield code="9">123855</subfield>
  </datafield>
  <datafield tag="906" ind1=" " ind2=" ">
    <subfield code="a">070556</subfield>
  </datafield>
  <datafield tag="942" ind1=" " ind2=" ">
    <subfield code="2">ddc</subfield>
    <subfield code="c">BK</subfield>
  </datafield>
  <datafield tag="999" ind1=" " ind2=" ">
    <subfield code="c">119965</subfield>
    <subfield code="d">119965</subfield>
  </datafield>
  <datafield tag="952" ind1=" " ind2=" ">
    <subfield code="0">0</subfield>
    <subfield code="1">0</subfield>
    <subfield code="4">0</subfield>
    <subfield code="7">3</subfield>
    <subfield code="8">History</subfield>
    <subfield code="a">AL</subfield>
    <subfield code="b">AL</subfield>
    <subfield code="c">RS</subfield>
    <subfield code="d">2021-02-17</subfield>
    <subfield code="g">500.00</subfield>
    <subfield code="l">0</subfield>
    <subfield code="o">954.8711K VIVM</subfield>
    <subfield code="p">070556</subfield>
    <subfield code="r">2021-02-17 00:00:00</subfield>
    <subfield code="w">2021-02-17</subfield>
    <subfield code="y">BK</subfield>
  </datafield>
  <datafield tag="952" ind1=" " ind2=" ">
    <subfield code="0">0</subfield>
    <subfield code="1">0</subfield>
    <subfield code="2">ddc</subfield>
    <subfield code="4">0</subfield>
    <subfield code="7">0</subfield>
    <subfield code="8">HIS</subfield>
    <subfield code="a">AL</subfield>
    <subfield code="b">AL</subfield>
    <subfield code="d">2023-06-06</subfield>
    <subfield code="l">0</subfield>
    <subfield code="o">954.8711K VIVM</subfield>
    <subfield code="p">D05707</subfield>
    <subfield code="r">2023-06-14 00:00:00</subfield>
    <subfield code="v">500.00</subfield>
    <subfield code="w">2023-06-14</subfield>
    <subfield code="y">DB</subfield>
    <subfield code="z">Donated by Fr Sujay S J</subfield>
  </datafield>
</record>
